| 000 | 01114nam a2200349Ia 4500 | ||
|---|---|---|---|
| 001 | Z_6044 | ||
| 003 | CHAP | ||
| 008 | 220113s1983 xx 000 0 und d | ||
| 010 | _a169259 | ||
| 020 | _a968-18-0318-3 | ||
| 040 | _cCHAP | ||
| 082 | _a636.213 W555 | ||
| 100 |
_aWilliams, David Willard _9122044 |
||
| 245 |
_aGanado vacuno para carne: cria y explotación / _cD. W. Williams; traducción Mario Appendini |
||
| 250 | _a7a reimpresión | ||
| 260 |
_aMéxico : _bLimusa, _c1983 |
||
| 300 | _a411 p. | ||
| 500 | _aTraducción de la obra en inglés: Beff cattle production in the south, de 1955. | ||
| 503 | _aej.1. Donación | ||
| 504 | _aIncluye bibliografía | ||
| 650 |
_aGanada vacuno _9143788 |
||
| 650 |
_aGanadería _x _x Cría _x _x Estados Unidos _x _x Estados del Sur _9143789 |
||
| 650 |
_aGanado de carne _x _x Alimentación y alimentos _9140011 |
||
| 650 |
_aGanado vacuno _x _x Estados Unidos _x _x Estados del Sur _9143790 |
||
| 700 |
_aAppendini, Mario, tr. _9143791 |
||
| 901 | _a636.213 W555 | ||
| 902 | _aM | ||
| 910 | _a1983 | ||
| 942 | _c1 | ||
| 942 | _cc1 | ||
| 999 |
_c169259 _d169259 |
||